Basic immunology : (Record no. 130360)

MARC details
000 -LEADER
fixed length control field 01038cam a2200289 i 4500
003 - CONTROL NUMBER IDENTIFIER
control field OSt
005 - DATE AND TIME OF LATEST TRANSACTION
control field 20240222155924.0
008 - FIXED-LENGTH DATA ELEMENTS--GENERAL INFORMATION
fixed length control field
020 ## - INTERNATIONAL STANDARD BOOK NUMBER
International Standard Book Number 9781455707072 (paperback.)
040 ## - CATALOGING SOURCE
Transcribing agency NUST
Original cataloging agency NUST
Language of cataloging eng
Modifying agency NUST
050 ## - LIBRARY OF CONGRESS CALL NUMBER
Classification number QR181 ABB
100 1# - MAIN ENTRY--PERSONAL NAME
Personal name Abbas, Abul K.
Relator term Author
245 10 - TITLE STATEMENT
Title Basic immunology :
Remainder of title functions and disorders of the immune system /
Statement of responsibility, etc. Abul K. Abbas; Andrew H. Lichtman; Shiv Pillai; illustrations by David L. Baker;Alexandra Baker.
250 ## - EDITION STATEMENT
Edition statement fourth edition.
260 #1 - PUBLICATION, DISTRIBUTION, ETC.
Place of publication, distribution, etc. Philadelphia :
Name of publisher, distributor, etc. Elsevier/Saunders,
Date of publication, distribution, etc. 2014.
300 ## - PHYSICAL DESCRIPTION
Extent ix, 320 pages. :
Other physical details col illustrations. ;
Dimensions 24 cm
336 ## - CONTENT TYPE
Source rdacontent
Content type term text
Content type code txt
337 ## - MEDIA TYPE
Source rdamedia
Media type term unmediated
Media type code n
338 ## - CARRIER TYPE
Source rdacarrier
Carrier type term volume
Carrier type code nc
504 ## - BIBLIOGRAPHY, ETC. NOTE
Bibliography, etc. note Includes bibliographical references and index.
650 #0 - SUBJECT ADDED ENTRY--TOPICAL TERM
Topical term or geographic name entry element Immunology.
650 12 - SUBJECT ADDED ENTRY--TOPICAL TERM
Topical term or geographic name entry element Immunity.
650 22 - SUBJECT ADDED ENTRY--TOPICAL TERM
Topical term or geographic name entry element Hypersensitivity.
700 1# - ADDED ENTRY--PERSONAL NAME
Personal name Lichtman, Andrew H.
Relator term Author
700 1# - ADDED ENTRY--PERSONAL NAME
Personal name Pillai, Shiv.
Relator term Author
942 ## - ADDED ENTRY ELEMENTS (KOHA)
Koha item type Ordinary Loan Books
Call number prefix QR
Call number suffix ABB
Source of classification or shelving scheme Library of Congress Classification
Classification part QR181
Suppress in OPAC No
Holdings
Withdrawn status Lost status Source of classification or shelving scheme Damaged status Not for loan Collection Home library Current library Shelving location Date acquired Source of acquisition Cost, normal purchase price Total Checkouts Full call number Barcode Date last seen Date last checked out Accession number Cost, replacement price Price effective from Koha item type Public note
    LCC     NFIC MEDICAL MAIN GEN 01/23/2023 Book Aid International 25.00 23 QR181 ABB 92004042270 09/18/2024 02/05/2024 52822 25.00 01/23/2023 BOOKS Donation